[Event "17th Biel Festival"]
[Site "Biel SUI"]
[Date "1984.07.22"]
[Round "1"]
[White "Eslon, Jaan"]
[Black "Ftacnik, Lubomir"]
[Result "1/2-1/2"]
[WhiteElo "2430"]
[BlackElo "2570"]
[EventDate "1984.07.22"]
[PlyCount "98"]

1.d4 Nf6 2.c4 g6 3.Nc3 d5 4.Nf3 Bg7 5.e3 O-O 6.cxd5 Nxd5 7.Bc4 Nb6 8.Bb3 
Nc6 9.O-O e5 10.Nxe5 Nxe5 11.dxe5 Bxe5 12.Qf3 c6 13.e4 Be6 14.Bxe6 fxe6 
15.Qe2 Qf6 16.Nd1 Rad8 17.Ne3 h5 18.f3 Bd4 19.Kh1 Na4 20.Qc2 Nc5 21.Rb1 g5
22.Bd2 Rf7 23.Rbd1 Rfd7 24.Bc1 e5 25.Nf5 Ne6 26.g3 Bb6 27.Rxd7 Rxd7 28.h4 
gxh4 29.gxh4 Kh8 30.Qh2 Ng7 31.Bg5 Qe6 32.Nxg7 Kxg7 33.b3 Kh7 34.Qg2 Rd3 
35.Kh2 Qd7 36.Qh3 Qf7 37.Qf5+ Qxf5 38.exf5 Kg7 39.Kg2 Be3 40.Re1 Rd2+ 41.
Kh3 Bf4 42.Bxf4 exf4 43.Re7+ Kf6 44.Rxb7 Rf2 45.Rh7 Rxf3+ 46.Kg2 Rg3+ 47.
Kf2 Kxf5 48.Rxh5+ Kg4 49.Rh7 Rc3 1/2-1/2

[Event "17th Biel Festival"]
[Site "Biel SUI"]
[Date "1984.07.22"]
[Round "1"]
[White "Huebner, Robert"]
[Black "Hort, Vlastimil"]
[Result "1/2-1/2"]
[WhiteElo "2620"]
[BlackElo "2615"]
[EventDate "1984.07.22"]
[PlyCount "69"]

1.e4 Nf6 2.e5 Nd5 3.d4 d6 4.Nf3 Bg4 5.Be2 e6 6.O-O Be7 7.c4 Nb6 8.Nc3 O-O 
9.h3 Bh5 10.Be3 d5 11.c5 Bxf3 12.Bxf3 Nc4 13.Bf4 Nc6 14.b3 N4a5 15.Rc1 Bg5
16.Ne2 Bxf4 17.Nxf4 Ne7 18.Bg4 Nac6 19.Qd2 Kh8 20.Rc3 Ng8 21.Bd1 Qh4 22.
Bc2 Qh6 23.Rg3 Rae8 24.Rd1 Nge7 25.b4 a6 26.a3 Ng6 27.Ne2 Qxd2 28.Rxd2 
Nge7 29.Nf4 g6 30.h4 h6 31.Re3 Kg7 32.Rg3 Kh8 33.Re3 Kg7 34.Ne2 b5 35.cxb6
1/2-1/2

[Event "17th Biel Festival"]
[Site "Biel SUI"]
[Date "1984.07.22"]
[Round "1"]
[White "Lobron, Eric"]
[Black "Ostermeyer, Peter"]
[Result "1-0"]
[WhiteElo "2520"]
[BlackElo "2460"]
[EventDate "1984.07.22"]
[PlyCount "75"]

1.Nf3 Nf6 2.d4 e6 3.e3 b6 4.Bd3 Bb7 5.O-O c5 6.b3 Be7 7.Bb2 O-O 8.Nbd2 d5 
9.Qe2 Nbd7 10.Rfd1 Rc8 11.Rac1 Ne4 12.c4 Nxd2 13.Rxd2 cxd4 14.Nxd4 Bf6 15.
Rcd1 Nc5 16.Bb1 Qe7 17.cxd5 Bxd5 18.e4 Bb7 19.f4 Bxd4+ 20.Bxd4 Rfd8 21.Qe3
f6 22.Bc2 Nd7 23.Bb2 Nf8 24.Bd3 Rd7 25.Bc4 Rcd8 26.Rxd7 Rxd7 27.Re1 Kh8 
28.a4 h6 29.Bc3 Ng6 30.f5 Nf8 31.e5 exf5 32.exf6 Qxe3+ 33.Rxe3 gxf6 34.
Bxf6+ Kh7 35.Re8 Rd1+ 36.Kf2 Nd7 37.Bc3 f4 38.Bf7 1-0

[Event "17th Biel Festival"]
[Site "Biel SUI"]
[Date "1984.07.22"]
[Round "1"]
[White "Zueger, Beat"]
[Black "Rogers, Ian"]
[Result "1-0"]
[WhiteElo "2385"]
[BlackElo "2455"]
[EventDate "1984.07.22"]
[PlyCount "81"]

1.c4 Nf6 2.Nc3 g6 3.g3 Bg7 4.Bg2 O-O 5.d3 Nc6 6.Rb1 a5 7.b4 e6 8.Nf3 d5 9.
Qb3 d4 10.Na4 e5 11.Nd2 e4 12.Nxe4 Nxe4 13.dxe4 Ne5 14.Nc5 b6 15.Nd3 Be6 
16.Qc2 Nxc4 17.O-O c6 18.Nf4 b5 19.Rb3 Qe7 20.Rd1 Bg4 21.h3 Bd7 22.e3 dxe3
23.Bxe3 Nxe3 24.Rxe3 Rfc8 25.e5 Bh6 26.Qc5 Qe8 27.Qd6 Be6 28.Nxe6 fxe6 29.
Red3 Ra7 30.h4 Bf8 31.Qd4 c5 32.bxc5 Bxc5 33.Qd8 Rf7 34.Qxe8+ Rxe8 35.Rf3 
Ref8 36.Rxf7 Rxf7 37.Rd2 Rf5 38.Re2 Kf7 39.Be4 Rh5 40.Bf3 Rh6 41.Kg2 1-0

[Event "17th Biel Festival"]
[Site "Biel SUI"]
[Date "1984.07.23"]
[Round "2"]
[White "Ftacnik, Lubomir"]
[Black "Cramling, Pia"]
[Result "1-0"]
[WhiteElo "2570"]
[BlackElo "2405"]
[EventDate "1984.07.22"]
[PlyCount "99"]

1.d4 Nf6 2.c4 e6 3.Nf3 c5 4.d5 exd5 5.cxd5 d6 6.Nc3 g6 7.Nd2 Bg7 8.Nc4 O-O
9.Bg5 Qe7 10.Qd2 Nbd7 11.Qf4 h6 12.Bxh6 Bxh6 13.Qxh6 Ne5 14.e3 Bf5 15.Rd1 
Rab8 16.Qh4 Kg7 17.Nxe5 Qxe5 18.Qg3 Qe7 19.Be2 b5 20.Nxb5 Ne4 21.Qf4 a6 
22.g4 Bxg4 23.Bxg4 Rxb5 24.Bf3 Nf6 25.Rd2 Rh8 26.Qa4 Qe5 27.Qxa6 Rhb8 28.
b3 c4 29.bxc4 Rb1+ 30.Ke2 Rxh1 31.Bxh1 Qxh2 32.Bf3 g5 33.Qa7 Re8 34.Qa4 
Qh3 35.Rd4 Rb8 36.Qd1 g4 37.Bh1 Rh8 38.Qa1 Kg6 39.Rf4 Qh4 40.Bg2 Qg5 41.
Be4+ Kg7 42.Rf5 Qh4 43.c5 g3 44.c6 Re8 45.Rf4 Qh6 46.c7 gxf2 47.Rxf2 Rc8 
48.Qc3 Qh5+ 49.Rf3 Qh2+ 50.Kd3 1-0

[Event "17th Biel Festival"]
[Site "Biel SUI"]
[Date "1984.07.23"]
[Round "2"]
[White "Hort, Vlastimil"]
[Black "Lobron, Eric"]
[Result "1-0"]
[WhiteElo "2615"]
[BlackElo "2520"]
[EventDate "1984.07.22"]
[PlyCount "73"]

1.e4 c6 2.d4 d5 3.Nd2 dxe4 4.Nxe4 Bf5 5.Ng3 Bg6 6.h4 h6 7.Nf3 Nd7 8.h5 Bh7
9.Bd3 Bxd3 10.Qxd3 e6 11.Bd2 Ngf6 12.O-O-O Be7 13.Kb1 O-O 14.Qe2 Rc8 15.c4
b5 16.c5 a5 17.Nf1 a4 18.Ne3 a3 19.bxa3 Ne4 20.Bb4 Ndf6 21.Qc2 Qc7 22.Ne5 
Rfd8 23.f4 Ng3 24.Rh3 Ngxh5 25.g3 Bf8 26.Qh2 g6 27.g4 Ng7 28.Rxh6 Ngh5 29.
gxh5 Bxh6 30.hxg6 Bg7 31.gxf7+ Kf8 32.f5 Nd7 33.Ng6+ Kxf7 34.fxe6+ Kxe6 
35.Nf4+ Kf7 36.Nf5 Nf6 37.Nxg7 1-0

[Event "17th Biel Festival"]
[Site "Biel SUI"]
[Date "1984.07.23"]
[Round "2"]
[White "Ostermeyer, Peter"]
[Black "Eslon, Jaan"]
[Result "1-0"]
[WhiteElo "2460"]
[BlackElo "2430"]
[EventDate "1984.07.22"]
[PlyCount "87"]

1.d4 Nf6 2.c4 g6 3.Nc3 Bg7 4.e4 d6 5.f3 c6 6.Bd3 a6 7.Nge2 b5 8.O-O Nbd7 
9.Be3 O-O 10.Qd2 bxc4 11.Bxc4 Nb6 12.Bb3 a5 13.Na4 Nfd7 14.Rac1 Ba6 15.
Rfd1 Bb5 16.Nec3 Nc4 17.Bxc4 Bxc4 18.b3 Ba6 19.Bh6 Qb8 20.Bxg7 Kxg7 21.f4 
Qb4 22.e5 f5 23.Qe3 Rfe8 24.h3 Bb5 25.Rc2 Bxa4 26.Nxa4 Nb6 27.Rdc1 Nxa4 
28.Rc4 Qb5 29.Rxa4 Qd5 30.Rac4 Rec8 31.exd6 exd6 32.Qe7+ Kg8 33.Qd7 c5 34.
dxc5 Rxc5 35.Kh1 Rxc4 36.Rxc4 Rf8 37.Rc7 Rf7 38.Qxf7+ Qxf7 39.Rxf7 Kxf7 
40.Kg1 Ke6 41.Kf2 Kd5 42.Ke3 Kc5 43.a3 h5 44.h4 1-0

[Event "17th Biel Festival"]
[Site "Biel SUI"]
[Date "1984.07.24"]
[Round "3"]
[White "Cramling, Pia"]
[Black "Ostermeyer, Peter"]
[Result "1/2-1/2"]
[WhiteElo "2405"]
[BlackElo "2460"]
[EventDate "1984.07.22"]
[PlyCount "106"]

1.Nf3 Nf6 2.c4 b6 3.g3 Bb7 4.Bg2 c5 5.Nc3 g6 6.O-O Bg7 7.d4 cxd4 8.Nxd4 
Bxg2 9.Kxg2 O-O 10.e4 Qc7 11.Qe2 Nc6 12.Nc2 d6 13.Bg5 Qb7 14.Rfd1 Rac8 15.
f3 h6 16.Be3 Nd7 17.Nd4 Nce5 18.b3 a6 19.Rac1 Nc5 20.b4 Ncd7 21.Nd5 Rfe8 
22.Nb3 e6 23.Nf4 g5 24.Nh5 g4 25.f4 Qxe4+ 26.Kf2 Nxc4 27.Nxg7 Qxe3+ 28.
Qxe3 Nxe3 29.Nxe8 Nxd1+ 30.Rxd1 Rxe8 31.Rxd6 Nf6 32.Rxb6 Nd5 33.Rxa6 Nxb4 
34.Ra4 Rb8 35.Nd2 Nd5 36.Rd4 Rb2 37.f5 h5 38.fxe6 fxe6 39.a4 Ra2 40.Ke2 
Kf7 41.Kd3 Kf6 42.Rc4 Ke5 43.Re4+ Kf5 44.Rd4 Nb6 45.Rf4+ Kg6 46.Re4 Kf6 
47.Rf4+ Ke7 48.Rb4 Nxa4 49.Ne4 e5 50.Kc4 Ke6 51.Kb3 Rxh2 52.Rxa4 h4 53.
gxh4 Rxh4 1/2-1/2

[Event "17th Biel Festival"]
[Site "Biel SUI"]
[Date "1984.07.24"]
[Round "3"]
[White "Gobet, Fernand"]
[Black "Ftacnik, Lubomir"]
[Result "1-0"]
[WhiteElo "2380"]
[BlackElo "2570"]
[EventDate "1984.07.22"]
[PlyCount "69"]

1.e4 c5 2.Nf3 d6 3.d4 Nf6 4.Nc3 cxd4 5.Nxd4 a6 6.Bc4 e6 7.O-O b5 8.Bb3 Be7
9.Qf3 Qb6 10.Be3 Qb7 11.a3 O-O 12.Rfe1 Nbd7 13.Qg3 Nc5 14.Bh6 Ne8 15.Nf5 
Bf6 16.Rad1 Nxb3 17.e5 dxe5 18.Ne4 Qxe4 19.Rxe4 exf5 20.Rxe5 Bxe5 21.Qxe5 
Na5 22.Rd3 Nc4 23.Qd4 Be6 24.b3 Nxa3 25.Rg3 f6 26.h4 Nxc2 27.Qc5 Rc8 28.
Qe7 Bf7 29.h5 Nd4 30.Bxg7 Nxg7 31.h6 Ne6 32.hxg7 Rfd8 33.Qxf6 f4 34.Rg4 h5
35.Qh6 1-0

[Event "17th Biel Festival"]
[Site "Biel SUI"]
[Date "1984.07.24"]
[Round "3"]
[White "Lobron, Eric"]
[Black "Zueger, Beat"]
[Result "1-0"]
[WhiteElo "2520"]
[BlackElo "2385"]
[EventDate "1984.07.22"]
[PlyCount "67"]

1.e4 c5 2.Nf3 Nc6 3.d4 cxd4 4.Nxd4 Nf6 5.Nc3 d6 6.Bg5 e6 7.Qd2 Be7 8.O-O-O
O-O 9.Nb3 h6 10.Bxf6 Bxf6 11.Qxd6 Bxc3 12.bxc3 Qh4 13.g3 Qh5 14.Qc5 e5 15.
Qe3 Bg4 16.Rd2 Rfd8 17.Rxd8+ Rxd8 18.Bc4 Rd6 19.Bd5 Qg5 20.Qxg5 hxg5 21.
Nc5 Rf6 22.h4 Rxf2 23.hxg5 Ne7 24.Nd3 Rg2 25.Nxe5 Nxd5 26.exd5 Bf5 27.Rf1 
g6 28.g4 Re2 29.gxf5 Rxe5 30.fxg6 fxg6 31.c4 Re4 32.d6 Rd4 33.c5 Rd5 34.
Rf3 1-0

[Event "17th Biel Festival"]
[Site "Biel SUI"]
[Date "1984.07.25"]
[Round "4"]
[White "Huebner, Robert"]
[Black "Lobron, Eric"]
[Result "1/2-1/2"]
[WhiteElo "2620"]
[BlackElo "2520"]
[EventDate "1984.07.22"]
[PlyCount "32"]

1.e4 c5 2.Nf3 e6 3.d4 cxd4 4.Nxd4 Nc6 5.Nc3 a6 6.g3 Qc7 7.Bg2 Nf6 8.O-O h6
9.Nb3 Be7 10.a4 O-O 11.Qe2 d6 12.a5 Bd7 13.f4 Rac8 14.Be3 Nb4 15.Rf2 e5 
16.h3 Rfe8 1/2-1/2

[Event "17th Biel Festival"]
[Site "Biel SUI"]
[Date "1984.07.25"]
[Round "4"]
[White "Ostermeyer, Peter"]
[Black "Gobet, Fernand"]
[Result "1-0"]
[WhiteElo "2460"]
[BlackElo "2380"]
[EventDate "1984.07.22"]
[PlyCount "109"]

1.d4 d5 2.c4 Nc6 3.Nc3 dxc4 4.d5 Ne5 5.Qd4 f6 6.Bf4 Ng6 7.Qxc4 e5 8.dxe6 
Nxf4 9.Qxf4 Qd6 10.Qa4+ c6 11.e3 Qb4 12.Qxb4 Bxb4 13.Bc4 Ke7 14.Ne2 Bxe6 
15.Bxe6 Kxe6 16.O-O-O Bxc3 17.bxc3 Nh6 18.Rd4 Rhd8 19.Kc2 Nf5 20.Rb4 Rd7 
21.e4 Ne7 22.Rd4 Rad8 23.Rhd1 Rxd4 24.cxd4 f5 25.Nf4+ Kf7 26.f3 g5 27.Nd3 
Kf6 28.Kc3 Ng6 29.Rb1 b6 30.g4 Nh4 31.Rf1 f4 32.Rf2 Ke6 33.a4 h5 34.h3 Rh8
35.Kc4 Kd6 36.Ne5 Rh7 37.Kd3 Rg7 38.gxh5 Rh7 39.h6 c5 40.Ng4 cxd4 41.e5+ 
Ke6 42.Rc2 Nxf3 43.Ke4 Nh4 44.Rc6+ Kd7 45.Rd6+ Kc7 46.Nf6 Rh8 47.h7 f3 48.
Rxd4 Ng6 49.Kxf3 Nf8 50.Kg4 a6 51.Kf5 Kc6 52.e6 Nxh7 53.e7 Nxf6 54.Kxf6 b5
55.Kg7 1-0

[Event "17th Biel Festival"]
[Site "Biel SUI"]
[Date "1984.07.25"]
[Round "4"]
[White "Zueger, Beat"]
[Black "Eslon, Jaan"]
[Result "1/2-1/2"]
[WhiteElo "2385"]
[BlackElo "2430"]
[EventDate "1984.07.22"]
[PlyCount "82"]

1.c4 e5 2.Nc3 d6 3.Nf3 f5 4.d4 e4 5.Ng5 Be7 6.Nh3 c6 7.Qb3 Na6 8.f3 Nf6 9.
Bg5 O-O 10.O-O-O exf3 11.exf3 Kh8 12.Kb1 Nc7 13.Nf4 Rb8 14.Re1 a6 15.h4 
Ng8 16.Bxe7 Nxe7 17.h5 Ng8 18.d5 Bd7 19.Qd1 Qf6 20.Qd2 Nh6 21.Bd3 Kg8 22.
Ref1 Nf7 23.g4 Ne5 24.Be2 c5 25.Nh3 b5 26.g5 Qd8 27.f4 Nxc4 28.Bxc4 bxc4 
29.g6 h6 30.Ng5 Qf6 31.Nh7 Qd4 32.Qxd4 cxd4 33.Nxf8 Kxf8 34.Ne2 c3 35.b3 
Bb5 36.Nxd4 Bxf1 37.Rxf1 Nxd5 38.Nxf5 Rb4 39.Rd1 Ne7 40.Nxd6 Rxf4 41.Kc2 
Rf3 1/2-1/2

[Event "17th Biel Festival"]
[Site "Biel SUI"]
[Date "1984.07.27"]
[Round "5"]
[White "Cramling, Pia"]
[Black "Zueger, Beat"]
[Result "1/2-1/2"]
[WhiteElo "2405"]
[BlackElo "2385"]
[EventDate "1984.07.22"]
[PlyCount "42"]

1.e4 c5 2.Nf3 Nc6 3.d4 cxd4 4.Nxd4 Nf6 5.Nc3 d6 6.g3 g6 7.Nde2 Bg4 8.Bg2 
Bg7 9.h3 Bxe2 10.Qxe2 O-O 11.O-O Rb8 12.a4 a6 13.Be3 Qc7 14.Rfd1 Rfc8 15.
Bf1 e6 16.Qc4 Qe7 17.Qb3 Nd7 18.a5 Nc5 19.Qc4 Ne5 20.Qe2 Nc6 21.Qc4 Ne5 
1/2-1/2

[Event "17th Biel Festival"]
[Site "Biel SUI"]
[Date "1984.07.27"]
[Round "5"]
[White "Gobet, Fernand"]
[Black "Hort, Vlastimil"]
[Result "0-1"]
[WhiteElo "2380"]
[BlackElo "2615"]
[EventDate "1984.07.22"]
[PlyCount "113"]

1.e4 c6 2.d4 d5 3.exd5 cxd5 4.c4 Nf6 5.Nc3 Nc6 6.Nf3 e6 7.c5 Be7 8.Bb5 O-O
9.O-O Bd7 10.Re1 Qc7 11.Bg5 Rfd8 12.Bh4 Be8 13.Bg3 Qc8 14.Qe2 Nh5 15.Bxc6 
Nxg3 16.hxg3 bxc6 17.b4 Rd7 18.Rab1 Rb7 19.a4 Bd8 20.Qa6 Rab8 21.b5 Qc7 
22.Ne5 Qa5 23.Qxa5 Bxa5 24.bxc6 Rxb1 25.Rxb1 Rxb1+ 26.Nxb1 Kf8 27.Na3 a6 
28.Nc2 Ke7 29.Nb4 f6 30.Ned3 Kd8 31.Kf1 Bxb4 32.Nxb4 a5 33.Na2 Bxc6 34.Nc3
e5 35.Ke1 exd4 36.Ne2 Bxa4 37.Kd2 Kc7 38.Nxd4 Bd7 39.Kc3 Kb7 40.Kb3 h5 41.
Ka3 g6 42.Kb3 Bf5 43.Kc3 Ka6 44.f3 Bd7 45.Kb3 Bb5 46.Ne6 Kb7 47.Nf4 Be8 
48.Kc3 Kc6 49.Ne6 Bd7 50.Nf8 Bf5 51.g4 hxg4 52.fxg4 Bxg4 53.Kd4 a4 54.Nxg6
a3 55.Ne7+ Kd7 56.Nxd5 a2 57.Nxf6+ 0-1

[Event "17th Biel Festival"]
[Site "Biel SUI"]
[Date "1984.07.27"]
[Round "5"]
[White "Kortschnoj, Viktor"]
[Black "Ftacnik, Lubomir"]
[Result "1/2-1/2"]
[WhiteElo "2635"]
[BlackElo "2570"]
[EventDate "1984.07.22"]
[PlyCount "68"]

1.c4 c5 2.Nf3 Nf6 3.Nc3 b6 4.g3 Bb7 5.Bg2 e6 6.O-O Be7 7.d4 cxd4 8.Qxd4 d6
9.Bg5 O-O 10.Rfd1 Nbd7 11.Nb5 d5 12.cxd5 Bxd5 13.Nc3 Bc6 14.Qc4 Qc8 15.e4 
h6 16.Nd4 Bb7 17.Qxc8 Rfxc8 18.e5 Bxg2 19.exf6 Bb4 20.Kxg2 Bxc3 21.bxc3 
hxg5 22.Nxe6 Nxf6 23.Nxg5 Rxc3 24.Rac1 Rcc8 25.a4 g6 26.h4 Rxc1 27.Rxc1 
Rd8 28.Rc4 Kg7 29.Rf4 Rd7 30.Nf3 Re7 31.Rc4 Ne4 32.Nd4 Nc5 33.a5 Ne6 34.
axb6 axb6 1/2-1/2

[Event "17th Biel Festival"]
[Site "Biel SUI"]
[Date "1984.07.27"]
[Round "5"]
[White "Lobron, Eric"]
[Black "Rogers, Ian"]
[Result "0-1"]
[WhiteElo "2520"]
[BlackElo "2455"]
[EventDate "1984.07.22"]
[PlyCount "52"]

1.e4 d5 2.exd5 Qxd5 3.Nc3 Qa5 4.d4 Nf6 5.Nf3 Bg4 6.h3 Bh5 7.g4 Bg6 8.Ne5 
e6 9.h4 Bb4 10.Rh3 Bxc3+ 11.bxc3 Nbd7 12.Nxg6 hxg6 13.Rb1 O-O-O 14.Rb5 Qa4
15.Rb3 Qc6 16.g5 Ne8 17.Qg4 Nb6 18.Bg2 Qc4 19.Re3 Nd6 20.Re5 Kb8 21.Ra5 
Nf5 22.Rc5 Qa4 23.Bf4 Rd7 24.c4 Qxa2 25.Rcb5 Nxd4 26.Rb2 Qxc4 0-1

[Event "17th Biel Festival"]
[Site "Biel SUI"]
[Date "1984.07.28"]
[Round "6"]
[White "Lobron, Eric"]
[Black "Eslon, Jaan"]
[Result "0-1"]
[WhiteElo "2520"]
[BlackElo "2430"]
[EventDate "1984.07.22"]
[PlyCount "136"]

1.e4 e5 2.Nf3 Nc6 3.Bb5 a6 4.Ba4 Nf6 5.O-O Be7 6.Re1 b5 7.Bb3 d6 8.c3 O-O 
9.h3 Na5 10.Bc2 c5 11.d4 Qc7 12.Nbd2 cxd4 13.cxd4 Bb7 14.d5 Bc8 15.Nf1 Bd7
16.Bd3 Rfc8 17.Bd2 Nc4 18.Rc1 Qb7 19.Bxc4 bxc4 20.Bc3 Be8 21.N3d2 Nd7 22.
Ne3 Nc5 23.Rb1 Nd3 24.Rf1 Qb5 25.a4 Qxa4 26.Ndxc4 Nf4 27.Qxa4 Bxa4 28.Nb6 
Bb5 29.Nf5 Bf8 30.Nxc8 Rxc8 31.Rfe1 g6 32.Ng3 Be7 33.Ra1 Nd3 34.Red1 Bd8 
35.f3 Bb6+ 36.Kh2 h5 37.Nf1 h4 38.Rd2 f5 39.Ba5 Ba7 40.Ra3 fxe4 41.fxe4 
Rc1 42.Rdxd3 Bxd3 43.Rxd3 Rxf1 44.g3 Rf2+ 45.Kh1 Rxb2 46.gxh4 Bc5 47.Rg3 
Kh7 48.Rf3 Kg7 49.Rg3 Ra2 50.Bc7 Kf7 51.Rb3 a5 52.Rb7 Ke8 53.Bb6 Rb2 54.
Rb8+ Kd7 55.Rd8+ Ke7 56.Bxa5 Ra2 57.Bc7 Ra7 58.Rg8 Rxc7 59.Rg7+ Kd8 60.
Rg8+ Kd7 61.Rxg6 Ke8 62.Kg2 Kf7 63.h5 Ra7 64.Kg3 Ra3+ 65.Kg4 Re3 66.Kg5 
Rg3+ 67.Kh6 Be3+ 68.Kh7 Rg5 0-1

[Event "17th Biel Festival"]
[Site "Biel SUI"]
[Date "1984.07.28"]
[Round "6"]
[White "Ostermeyer, Peter"]
[Black "Kortschnoj, Viktor"]
[Result "1/2-1/2"]
[WhiteElo "2460"]
[BlackElo "2635"]
[EventDate "1984.07.22"]
[PlyCount "79"]

1.d4 Nf6 2.c4 g6 3.Nc3 d5 4.Nf3 Bg7 5.Bg5 Ne4 6.cxd5 Nxg5 7.Nxg5 e6 8.Nf3 
exd5 9.e3 O-O 10.b4 c6 11.Be2 a5 12.b5 a4 13.O-O Qa5 14.Qd2 Bg4 15.bxc6 
bxc6 16.h3 Bxf3 17.Bxf3 Nd7 18.Rab1 Rfb8 19.Rxb8+ Rxb8 20.Rb1 Rb6 21.Rxb6 
Nxb6 22.Qc2 c5 23.Nxd5 Nxd5 24.Bxd5 cxd4 25.Qc8+ Bf8 26.Qd7 Qe1+ 27.Kh2 
Qxf2 28.exd4 h5 29.Qe8 Kg7 30.Qe5+ f6 31.Qc7+ Kh6 32.Qc1+ g5 33.Qc7 Qxd4 
34.Qd8 Bg7 35.Qd6 g4 36.hxg4 hxg4 37.g3 Kg5 38.Kg2 Qd2+ 39.Kf1 Qe3 40.Bf7 
1/2-1/2

[Event "17th Biel Festival"]
[Site "Biel SUI"]
[Date "1984.07.28"]
[Round "6"]
[White "Rogers, Ian"]
[Black "Ftacnik, Lubomir"]
[Result "1/2-1/2"]
[WhiteElo "2455"]
[BlackElo "2570"]
[EventDate "1984.07.22"]
[PlyCount "69"]

1.d4 Nf6 2.c4 g6 3.Nc3 d5 4.Nf3 Bg7 5.Bf4 O-O 6.Rc1 dxc4 7.e3 Be6 8.Ng5 
Bd5 9.e4 h6 10.exd5 hxg5 11.Bxg5 Nxd5 12.Bxc4 Nb6 13.Bb3 Nc6 14.d5 Nd4 15.
O-O Qd7 16.a3 Rfe8 17.Ba2 Rad8 18.Re1 Nb5 19.Nxb5 Qxb5 20.Rxc7 Nxd5 21.Qf3
Qa5 22.Rec1 Bxb2 23.R7c5 Qxa3 24.Bxd5 Qxf3 25.Bxf3 Bxc1 26.Rxc1 Rd7 27.h4 
Ra8 28.Bg4 e6 29.Bf6 a5 30.Bd1 Rd2 31.g4 b5 32.Bf3 Rb8 33.Rc5 a4 34.Be5 
Rdd8 35.Bxb8 1/2-1/2

[Event "17th Biel Festival"]
[Site "Biel SUI"]
[Date "1984.07.28"]
[Round "6"]
[White "Zueger, Beat"]
[Black "Gobet, Fernand"]
[Result "1/2-1/2"]
[WhiteElo "2385"]
[BlackElo "2380"]
[EventDate "1984.07.22"]
[PlyCount "20"]

1.c4 Nf6 2.Nf3 e6 3.g3 d5 4.Bg2 Be7 5.O-O O-O 6.d4 Nbd7 7.Qc2 c6 8.b3 b6 
9.Nc3 Bb7 10.Bb2 Rc8 1/2-1/2

[Event "17th Biel Festival"]
[Site "Biel SUI"]
[Date "1984.07.29"]
[Round "7"]
[White "Cramling, Pia"]
[Black "Lobron, Eric"]
[Result "0-1"]
[WhiteElo "2405"]
[BlackElo "2520"]
[EventDate "1984.07.22"]
[PlyCount "136"]

1.e4 c6 2.c4 e5 3.Nf3 d6 4.d4 Nd7 5.Nc3 Ngf6 6.Be2 Be7 7.O-O O-O 8.Re1 Re8
9.Bf1 Bf8 10.d5 a5 11.Be3 Ng4 12.Bg5 Be7 13.Bxe7 Qxe7 14.dxc6 bxc6 15.Na4 
Ngf6 16.Qd2 c5 17.Bd3 Ra6 18.Nc3 Nf8 19.Nd5 Nxd5 20.cxd5 Ra7 21.Qc3 Ng6 
22.Nd2 Rf8 23.Bf1 f5 24.Rad1 Qd8 25.exf5 Nh4 26.Ne4 Nxf5 27.Rd3 Nd4 28.Rg3
Raf7 29.Bd3 Rf5 30.Qd2 Rh5 31.h3 Rf4 32.Qd1 Rh6 33.Bf1 Qh4 34.Qa4 Qd8 35.
Qd1 Bf5 36.Bd3 Qf8 37.Qd2 a4 38.Rge3 Qb8 39.Ng3 Bd7 40.Re4 Rf8 41.R4e3 Qa8
42.Bc4 Qc8 43.Ne4 Rf4 44.Rg3 Qd8 45.Bf1 Bf5 46.Nc3 Qh4 47.Ne2 Nxe2+ 48.
Rxe2 Qd8 49.Ree3 Rd4 50.Qc3 Rhh4 51.Bd3 Bd7 52.Qc2 Qa5 53.Re2 Rdf4 54.Rg5 
Rf8 55.Re3 Rh6 56.Kh2 Qb4 57.Rgg3 Rf7 58.Be4 Rh4 59.f3 Qb8 60.Qe2 Kf8 61.
Qa6 g6 62.Qa5 Ke7 63.Qc3 Rhf4 64.Kh1 Qb4 65.Qc2 Rf8 66.Qe2 Qd4 67.Kh2 c4 
68.Qc2 Rb8 0-1

[Event "17th Biel Festival"]
[Site "Biel SUI"]
[Date "1984.07.29"]
[Round "7"]
[White "Ftacnik, Lubomir"]
[Black "Ostermeyer, Peter"]
[Result "0-1"]
[WhiteElo "2570"]
[BlackElo "2460"]
[EventDate "1984.07.22"]
[PlyCount "44"]

1.e4 c5 2.Nf3 d6 3.d4 Nf6 4.Nc3 cxd4 5.Nxd4 a6 6.Be3 e5 7.Nb3 Be6 8.Qd2 
Nbd7 9.f4 exf4 10.Bxf4 Ne5 11.O-O-O Be7 12.Nd4 Rc8 13.Nf5 Bxf5 14.exf5 O-O
15.Be2 Nc4 16.Qd4 d5 17.Nxd5 Nxd5 18.Qxd5 Bg5 19.Qe4 Qe8 20.Qd4 Qxe2 21.
Rhe1 Qg4 22.Re4 Qxf5 0-1

[Event "17th Biel Festival"]
[Site "Biel SUI"]
[Date "1984.07.29"]
[Round "7"]
[White "Kortschnoj, Viktor"]
[Black "Hort, Vlastimil"]
[Result "1-0"]
[WhiteElo "2635"]
[BlackElo "2615"]
[EventDate "1984.07.22"]
[PlyCount "93"]

1.e4 c6 2.d4 d5 3.Nd2 dxe4 4.Nxe4 Bf5 5.Ng3 Bg6 6.h4 h6 7.f4 e6 8.Nf3 Nd7 
9.h5 Bh7 10.Bd3 Bxd3 11.Qxd3 Qc7 12.Bd2 O-O-O 13.Qe2 Ne7 14.O-O-O Nf6 15.
Ne5 Nf5 16.Nxf5 exf5 17.Qd3 Ne4 18.Qh3 Kb8 19.Qxf5 Nf2 20.Qxf7 Nxh1 21.
Qxc7+ Kxc7 22.Nf7 Nf2 23.Rf1 Ne4 24.Nxh8 Rxd4 25.Be1 Bc5 26.Rf3 Rd5 27.g4 
Nf6 28.b4 Bg1 29.Bh4 Ne4 30.Ng6 a5 31.a3 a4 32.Be1 b5 33.Bc3 Nxc3 34.Rxc3 
Bd4 35.Rd3 Kd6 36.Nh4 Bf6 37.Nf5+ Ke6 38.Kd2 c5 39.bxc5 b4 40.Kc1 Rxd3 41.
cxd3 b3 42.c6 Bd8 43.Nxg7+ Kd5 44.g5 Kxc6 45.Ne6 Be7 46.g6 Bxa3+ 47.Kb1 
1-0

[Event "17th Biel Festival"]
[Site "Biel SUI"]
[Date "1984.07.30"]
[Round "8"]
[White "Eslon, Jaan"]
[Black "Cramling, Pia"]
[Result "1/2-1/2"]
[WhiteElo "2430"]
[BlackElo "2405"]
[EventDate "1984.07.22"]
[PlyCount "96"]

1.d4 Nf6 2.Nf3 e6 3.Bf4 c5 4.e3 d5 5.c3 Nc6 6.Nbd2 Be7 7.Bd3 Nh5 8.Be5 f6 
9.Bg3 g6 10.Qe2 O-O 11.Bc2 a6 12.Nb3 c4 13.Nbd2 b5 14.e4 Qe8 15.O-O Qf7 
16.Rfe1 Bd7 17.b3 Nxg3 18.hxg3 Ba3 19.Rab1 Rab8 20.Nf1 a5 21.Ne3 Kg7 22.
bxc4 bxc4 23.Qd2 Rfe8 24.Ng4 Qf8 25.e5 fxe5 26.Nfxe5 Nxe5 27.Nxe5 Qe7 28.
f4 Bd6 29.Qe3 Rxb1 30.Rxb1 Rb8 31.Rxb8 Bxb8 32.Bd1 Be8 33.Bg4 h6 34.Kh2 
Ba4 35.Qe1 Bd6 36.Nf3 Kf6 37.Qb1 Be8 38.Ne5 Qc7 39.Bd1 Qb8 40.Qc1 a4 41.
Ng4+ Kg7 42.Qe3 h5 43.Nf2 Bd7 44.Nh3 a3 45.Ng5 Kf6 46.Nh7+ Kg7 47.Ng5 Kf6 
48.Nh7+ Kg7 1/2-1/2

[Event "17th Biel Festival"]
[Site "Biel SUI"]
[Date "1984.07.30"]
[Round "8"]
[White "Hort, Vlastimil"]
[Black "Ftacnik, Lubomir"]
[Result "1/2-1/2"]
[WhiteElo "2615"]
[BlackElo "2570"]
[EventDate "1984.07.22"]
[PlyCount "29"]

1.Nf3 Nf6 2.b3 g6 3.Bb2 Bg7 4.c4 c5 5.g3 b6 6.Bg2 Bb7 7.O-O O-O 8.d4 cxd4 
9.Bxd4 Nc6 10.Bb2 d5 11.Na3 e6 12.Qb1 Qe7 13.cxd5 Nxd5 14.Bxg7 Kxg7 15.Nc4
1/2-1/2

[Event "17th Biel Festival"]
[Site "Biel SUI"]
[Date "1984.07.30"]
[Round "8"]
[White "Lobron, Eric"]
[Black "Gobet, Fernand"]
[Result "1-0"]
[WhiteElo "2520"]
[BlackElo "2380"]
[EventDate "1984.07.22"]
[PlyCount "147"]

1.e4 c5 2.Nf3 e6 3.d4 cxd4 4.Nxd4 Nc6 5.Nb5 Nf6 6.N1c3 Bb4 7.a3 Bxc3+ 8.
Nxc3 d5 9.exd5 exd5 10.Bd3 O-O 11.O-O d4 12.Ne2 h6 13.h3 a6 14.Re1 Nd5 15.
Nf4 Nxf4 16.Bxf4 Be6 17.Qh5 Qd7 18.Re2 f5 19.Rae1 Bf7 20.Qf3 Rae8 21.Rxe8 
Rxe8 22.Rxe8+ Bxe8 23.Bg3 g6 24.h4 h5 25.Qf4 Bf7 26.Qc7 Qxc7 27.Bxc7 Bd5 
28.f3 Kf7 29.b3 Ke6 30.Bb6 a5 31.Kf2 Ne5 32.Bb5 d3 33.c4 Bc6 34.Bxa5 Bxb5 
35.cxb5 Kd5 36.Bc3 Nd7 37.Ke3 Nc5 38.Bb4 Nxb3 39.Kxd3 Nd4 40.a4 Ne6 41.Be7
Nf4+ 42.Kc3 Nxg2 43.Kb4 Ne3 44.Bg5 Nc4 45.f4 Nb2 46.Bh6 Nc4 47.Bg7 Ne3 48.
Ka5 Nc4+ 49.Kb4 Ne3 50.Bf6 Nc4 51.Bh8 Ne3 52.Bf6 Nc4 53.Bc3 Ne3 54.Bh8 Nc4
55.Bf6 Ne3 56.Bd8 Nc4 57.a5 Ne3 58.Kc3 Nd1+ 59.Kd2 Nb2 60.a6 bxa6 61.bxa6 
Kc6 62.Kc3 Nd1+ 63.Kd4 Nf2 64.Ba5 Ng4 65.Bd8 Nf2 66.Ba5 Ng4 67.Be1 Kb6 68.
Kd5 Kxa6 69.Ke6 Kb5 70.Kf7 Kc4 71.Kxg6 Ne3 72.Kxh5 Kd3 73.Kg5 Ke4 74.h5 
1-0

[Event "17th Biel Festival"]
[Site "Biel SUI"]
[Date "1984.07.30"]
[Round "8"]
[White "Rogers, Ian"]
[Black "Ostermeyer, Peter"]
[Result "1/2-1/2"]
[WhiteElo "2455"]
[BlackElo "2460"]
[EventDate "1984.07.22"]
[PlyCount "33"]

1.e4 c5 2.b3 Nf6 3.e5 Nd5 4.Bb2 d6 5.Nf3 Nc6 6.Bb5 Bd7 7.exd6 exd6 8.O-O 
Be7 9.d4 Nc7 10.dxc5 dxc5 11.Bd3 O-O 12.Nbd2 Nd5 13.Ne5 Nxe5 14.Bxe5 Nb4 
15.Be4 Bc6 16.Qe2 Re8 17.Qg4 1/2-1/2

[Event "17th Biel Festival"]
[Site "Biel SUI"]
[Date "1984.07.30"]
[Round "8"]
[White "Zueger, Beat"]
[Black "Kortschnoj, Viktor"]
[Result "0-1"]
[WhiteElo "2385"]
[BlackElo "2635"]
[EventDate "1984.07.22"]
[PlyCount "70"]

1.c4 Nf6 2.Nc3 e5 3.Nf3 Nc6 4.g3 Bb4 5.Nd5 e4 6.Nh4 O-O 7.Bg2 Re8 8.O-O 
Bc5 9.d3 exd3 10.Qxd3 Ne5 11.Qc2 c6 12.Be3 cxd5 13.Bxc5 d6 14.Bd4 dxc4 15.
Rfd1 Qe7 16.Rac1 Be6 17.Nf5 Bxf5 18.Qxf5 d5 19.Rc3 Qd7 20.Qc2 b5 21.f4 
Neg4 22.h3 b4 23.Rf3 Nh6 24.Bxf6 gxf6 25.e4 Rad8 26.Rxd5 Qc8 27.Rh5 Kg7 
28.g4 Rd3 29.Qf2 Rxf3 30.Bxf3 c3 31.bxc3 Qxc3 32.g5 Ng8 33.e5 f5 34.Bd5 
Rd8 35.Bg2 Qd4 0-1